000 01453nam a22003257a 4500
005 20120118160210.0
008 120118t xxu||||| |||| 00| 0 eng d
010 _aENG-104772
020 _a9788132106906
_c450.00
035 _aEN-88305
037 _bDBAD/PUB
040 _aDPL
_bEng
082 _a658.4012
100 _aSaha, Biswatosh
_939518
245 _aStrategic thinking :
_bexplorations around conflict and cooperation /
_cby Biswatosh Saha, Parthasarathi Banerjee [and] Ram Kumar Kakani.
260 _aNew Delhi
_bSage Publications
_c2011
270 _aB1/I-1 Mohan Cooperative Industrial Area, Mathura Road
_bNew Delhi
_e110044
300 _ax, 348 p. :
_bill.
_c22cm(pbk)
500 _aIncludes bibliographical references (p. 337-341) and index.
505 _aAppreciating strategy and the strategist -- Strategy and assets -- Strategy and organization -- Markets and regulation -- Institutions of finance.
650 _aStrategic planning.
_939519
650 _aStrategic planning
_vCase studies.
_939520
650 _aCritical thinking.
_939521
650 _aCreative thinking.
_939522
650 _aIndustrial management.
_939523
700 _aBanerjee, Parthasarathi.
_939524
700 _aKakani, Ram Kumar
_939525
942 _2ddc
_cEN
_h658.4012
_mSAH
999 _c61132
_d61132